00553nam a2200193Ia 450000500170000000800410001704000190005804100120007708200160008910000220010524500380012726000290016530000110019465000170020585000100022294200070023299900170023995201030025620230327110449.0131103s9999 xx 000 0 und d aLoreto College aEnglish a822.91bRAT aRattigan, Terence 4aThe Winslow boycTerence Rattigan aLondonbPan Books c1967 a251p.  aEnglish play aLCLIB cBK c22082d72561 00102ddc4070aMAINbMAINd2013-11-04l0o822.91 RAT 14653pB24377r2013-11-04w2013-11-04yBKf